000 00436nam a2200157Ia 4500
008 230312s9999||||xx |||||||||||||| ||und||
020 _a0-02-929220-4
082 _a658.4
_bSLO
100 _aRichard S. Sloma
245 0 _aNo Nonsense Management
260 _bMacmillan Publishing Co, INC.
_aLondon
_c1977
300 _a157
546 _aEng.
650 _aManagement
_vWelcome to the Club ! , Never tolerate mediocrity.
942 _cBK
999 _c612
_d612